| 000 | 00987nam a2200277Ia 4500 | ||
|---|---|---|---|
| 001 | Para_10017 | ||
| 003 | CHAP | ||
| 008 | 220125sSept xx 000 0 und d | ||
| 010 | _a208717 | ||
| 040 | _cCHAP | ||
| 090 | _aPA CD - TESIS 99 | ||
| 100 |
_aSantiago Santiago, Mario Antonio _9102395 |
||
| 245 |
_aEtiología del Tizón foliar de la avena (Avena sativa L.) en Valles Altos de México / _c Mario Antonio Santiago Santiago; Director Santos Gerardo Leyva Mir |
||
| 260 |
_aChapingo, Méx. : _b el autor |
||
| 300 | _a1 CDS ROM (37 p.) | ||
| 502 | _aTesis (Ing. Agr. Esp. en Parasitología Agrícola). UACh. Departamento Parasitología Agrícola | ||
| 700 |
_aLeyva Mir, Santos Gerardo. Director _9171335 |
||
| 710 |
_aUACh. Departamento Parasitología Agrícola _9164025 |
||
| 901 | _aPA CD - TESIS 99 | ||
| 902 | _aM | ||
| 905 | _a513220Septiembre,2011 an 8100000000 06 | ||
| 910 | _aSept | ||
| 942 | _cPARA | ||
| 942 |
_cPARA _d2 |
||
| 999 |
_c208717 _d208717 |
||